<?xml version="1.0" encoding="UTF-8"?>
<record
    xmlns:xsi="http://www.w3.org/2001/XMLSchema-instance"
    xsi:schemaLocation="http://www.loc.gov/MARC21/slim http://www.loc.gov/standards/marcxml/schema/MARC21slim.xsd"
    xmlns="http://www.loc.gov/MARC21/slim">

  <leader>01741nam a2200313 u 4500</leader>
  <controlfield tag="001">000003535</controlfield>
  <controlfield tag="003">DO-SdBNP</controlfield>
  <controlfield tag="005">20220831143959.0</controlfield>
  <controlfield tag="007">ta</controlfield>
  <controlfield tag="008">090710s2000    dr cd         000 0 spa d</controlfield>
  <datafield tag="040" ind1=" " ind2=" ">
    <subfield code="a">DO-SdBNP</subfield>
    <subfield code="b">spa</subfield>
    <subfield code="c">BNPHU</subfield>
  </datafield>
  <datafield tag="082" ind1=" " ind2="4">
    <subfield code="a">332.11</subfield>
    <subfield code="b">B213me</subfield>
    <subfield code="2">22</subfield>
  </datafield>
  <datafield tag="110" ind1="2" ind2=" ">
    <subfield code="a">Banco de Reservas de la Rep&#xFA;blica Dominicana</subfield>
    <subfield code="9">6285</subfield>
  </datafield>
  <datafield tag="245" ind1="1" ind2="0">
    <subfield code="a">Memoria Anual /</subfield>
    <subfield code="c">fotogr&#xE1;fos Luis Nova, Actividades acu&#xE1;ticas LTD Sim&#xF3;n Guerrero.</subfield>
  </datafield>
  <datafield tag="260" ind1=" " ind2=" ">
    <subfield code="a">Santo Domingo :</subfield>
    <subfield code="b">Amigo del hogar,</subfield>
    <subfield code="c">2000.</subfield>
  </datafield>
  <datafield tag="300" ind1=" " ind2=" ">
    <subfield code="a">69 p. :</subfield>
    <subfield code="b">retrs. diag. ;</subfield>
    <subfield code="c">28 cm.</subfield>
  </datafield>
  <datafield tag="500" ind1=" " ind2=" ">
    <subfield code="a">La fotograf&#xED;a de la portada muestra dos ballenas jorobadas captadas en el Banco de la Plata, en el Oc&#xE9;ano Atl&#xE1;ntico. Esta ha sido cedida gentilmente por la empresa Actividades Acu&#xE1;ticas, LTD.</subfield>
  </datafield>
  <datafield tag="505" ind1="0" ind2=" ">
    <subfield code="a">Indicadores financieros -- Consejo de directores -- Carta de la administraci&#xF3;n general -- Contexto econ&#xF3;mico en el 2000 y perspectivas para el a&#xF1;o 2001 -- Comportamiento operacional en el 2000 -- Las ballenas jorobadas -- Las ballenas jorobadas de nuestro Banco de Plata -- Proyecto de conservaci&#xF3;n de Lechuzas de la Rep&#xFA;blica Dominicana -- informe de los contadores independientes y estados financieros al 31 de diciembre del 2000 y 1999</subfield>
  </datafield>
  <datafield tag="590" ind1=" " ind2=" ">
    <subfield code="a">Inventariada, 2022 / DG</subfield>
  </datafield>
  <datafield tag="610" ind1="2" ind2=" ">
    <subfield code="a">Banco de Reservas de la Rep&#xFA;blica Dominicana</subfield>
    <subfield code="9">6285</subfield>
  </datafield>
  <datafield tag="650" ind1=" " ind2="4">
    <subfield code="a">Bancos</subfield>
    <subfield code="x">Correspondencia, memorias, etc.</subfield>
    <subfield code="z">Rep&#xFA;blica Dominicana</subfield>
    <subfield code="9">10943</subfield>
  </datafield>
  <datafield tag="650" ind1=" " ind2="4">
    <subfield code="a">Ballenas jorobadas</subfield>
    <subfield code="z">Rep&#xFA;blica Dominicana</subfield>
    <subfield code="9">10944</subfield>
  </datafield>
  <datafield tag="650" ind1=" " ind2="4">
    <subfield code="a">Buhos</subfield>
    <subfield code="x">Conservaci&#xF3;n de espec&#xED;menes</subfield>
    <subfield code="z">Rep&#xFA;blica Dominicana</subfield>
    <subfield code="9">10945</subfield>
  </datafield>
  <datafield tag="700" ind1="1" ind2=" ">
    <subfield code="a">Nova, Luis,</subfield>
    <subfield code="e">fot.</subfield>
    <subfield code="9">10946</subfield>
  </datafield>
  <datafield tag="700" ind1="1" ind2=" ">
    <subfield code="a">Guerrero, Sim&#xF3;n,</subfield>
    <subfield code="e">fot.</subfield>
    <subfield code="9">10948</subfield>
  </datafield>
  <datafield tag="710" ind1="1" ind2=" ">
    <subfield code="a">Actividades acu&#xE1;ticas LTD</subfield>
    <subfield code="e">fot.</subfield>
    <subfield code="9">10947</subfield>
  </datafield>
  <datafield tag="910" ind1=" " ind2=" ">
    <subfield code="a">DG</subfield>
  </datafield>
  <datafield tag="942" ind1=" " ind2=" ">
    <subfield code="2">ddc</subfield>
    <subfield code="c">LBS1</subfield>
  </datafield>
  <datafield tag="952" ind1=" " ind2=" ">
    <subfield code="0">0</subfield>
    <subfield code="1">0</subfield>
    <subfield code="2">ddc</subfield>
    <subfield code="5">1</subfield>
    <subfield code="7">0</subfield>
    <subfield code="8">PD</subfield>
    <subfield code="a">BNPHU</subfield>
    <subfield code="b">BNPHU</subfield>
    <subfield code="c">CT</subfield>
    <subfield code="d">2009-07-10</subfield>
    <subfield code="o">BNPHU PD 332.11 B213me</subfield>
    <subfield code="p">3535-10</subfield>
    <subfield code="r">2020-06-25</subfield>
    <subfield code="w">2020-06-25</subfield>
    <subfield code="y">LBS1</subfield>
  </datafield>
  <datafield tag="999" ind1=" " ind2=" ">
    <subfield code="c">3361</subfield>
    <subfield code="d">3361</subfield>
  </datafield>
</record>
